Double the Number - Statistics

General Stats
  • This quiz has been taken 47 times
  • The average score is 14 of 16
Answer Stats
Hint Answer % Correct
8 16
100%
36 72
96%
128 256
92%
5 10
88%
55 110
88%
67 134
88%
754 1508
88%
77 154
88%
852 1704
88%
27 54
88%
385 770
88%
474 948
88%
682 1364
84%
987 1974
84%
1138 2276
84%
267 534
84%
No matching quizzes found
Score Distribution
Percent of People with Each Score
Percentile by Number Answered
Your Score History
You have not taken this quiz